[Event "Mittelfranken-chTB2a 1920"]
[Site "Mittelfranken"]
[Date "2020.03.08"]
[Round "7.4"]
[White "Nickmann, Peter"]
[Black "Hofmann, Thomas1111"]
[Result "1-0"]
[WhiteElo "1895"]
[BlackElo "1610"]
[PlyCount "63"]
[EventDate "2019.10.13"]
[EventType "team-tourn"]
[EventRounds "9"]
[EventCountry "GER"]
[SourceTitle "EXT 2023"]
[Source "ChessBase"]
[SourceDate "2022.10.05"]
[SourceVersion "1"]
[SourceVersionDate "2022.10.05"]
[SourceQuality "1"]
[WhiteTeam "Fuerth SF"]
[BlackTeam "Dombuehl"]
[WhiteTeamCountry "GER"]
[BlackTeamCountry "GER"]

1. e4 e6 2. d4 d5 3. Nd2 c5 4. exd5 exd5 5. dxc5 Bxc5 6. Nb3 Be7 7. Nf3 Nf6 8. Be2 0-0 9. 0-0 Nc6 10. h3 Bf5 11. Nfd4 Bd7 12. Bf4 Nxd4 13. Nxd4 Bc6 14. c3 Bd6 15. Bxd6 Qxd6 16. Bf3 Rfe8 17. Qc2 Ne4 18. Rad1 Qh6 19. Rfe1 Ng5 20. Bg4 Qf6 21. Qf5 Qxf5 22. Bxf5 g6 23. Nxc6 bxc6 24. Bd7 Rxe1+ 25. Rxe1 Rd8 26. Bxc6 d4 27. cxd4 Rxd4 28. Re2 Rd1+ 29. Kh2 Ne6 30. Bf3 Kg7 31. Rxe6 fxe6 32. Bxd1 1-0

[Event "Mittelfranken-chTB2a 1718"]
[Site "Mittelfranken"]
[Date "2018.05.06"]
[Round "9.4"]
[White "Nickmann, Peter"]
[Black "Loy, Wolfgang"]
[Result "1/2-1/2"]
[WhiteElo "1828"]
[BlackElo "1727"]
[PlyCount "90"]
[EventDate "2017.10.08"]
[EventType "team-tourn"]
[EventRounds "9"]
[EventCountry "GER"]
[SourceTitle "EXT 2022"]
[Source "ChessBase"]
[SourceDate "2021.10.06"]
[SourceVersion "1"]
[SourceVersionDate "2021.10.06"]
[SourceQuality "1"]
[WhiteTeam "Fuerth SF"]
[BlackTeam "Treuchtlingen/Wet SG"]
[WhiteTeamCountry "GER"]
[BlackTeamCountry "GER"]

1. e4 e5 2. Nf3 Nc6 3. Bb5 a6 4. Bxc6 dxc6 5. h3 Bc5 6. 0-0 f6 7. c3 Be6 8. d4 exd4 9. cxd4 Bd6 10. Nc3 Ne7 11. Kh1 Ng6 12. Be3 Bf4 13. Qd2 Bxe3 14. Qxe3 0-0 15. Rad1 Re8 16. Rfe1 Bf7 17. Qd2 Re7 18. b3 Qe8 19. Na4 Rxe4 20. Rxe4 Qxe4 21. Nc5 Qf5 22. Nxb7 Bd5 23. Ng1 Nf4 24. f3 Re8 25. Re1 Rxe1 26. Qxe1 Qe6 27. Qxe6+ Nxe6 28. Ne2 Kf7 29. Kg1 Ke7 30. Kf2 g5 31. Ke3 f5 32. Nc5 a5 33. Nxe6 Bxe6 34. g3 h5 35. h4 g4 36. fxg4 fxg4 37. Nf4 Bf7 38. Ke4 Kd6 39. a3 c5 40. dxc5+ Kxc5 41. Kd3 Kb5 42. Kc3 c5 43. Nd3 Bxb3 44. Nxc5 Kxc5 45. Kxb3 Kb5 1/2-1/2

[Event "Mittelfranken-chTB1 1617"]
[Site "Mittelfranken"]
[Date "2017.03.05"]
[Round "7.6"]
[White "Proeschel, Gerhard"]
[Black "Nickmann, Peter"]
[Result "1-0"]
[WhiteElo "1845"]
[BlackElo "1832"]
[PlyCount "102"]
[EventDate "2016.10.23"]
[EventType "team-tourn"]
[EventRounds "9"]
[EventCountry "GER"]
[SourceTitle "EXT 2022"]
[Source "ChessBase"]
[SourceDate "2021.10.06"]
[SourceVersion "1"]
[SourceVersionDate "2021.10.06"]
[SourceQuality "1"]
[WhiteTeam "Muehlhof/Schwabach"]
[BlackTeam "Fuerth SF"]
[WhiteTeamCountry "GER"]
[BlackTeamCountry "GER"]

1. d4 Nf6 2. Nf3 d5 3. c4 Bf5 4. Nc3 e6 5. Bg5 Be7 6. Qb3 0-0 7. e3 Nbd7 8. Rc1 b6 9. cxd5 Nxd5 10. Bxe7 Nxe7 11. Ba6 c5 12. 0-0 cxd4 13. exd4 Ng6 14. Nb5 Nh4 15. Rc7 Nxf3+ 16. Qxf3 Nf6 17. Rfc1 Nd5 18. R7c4 Qg5 19. h3 Nf4 20. Kh2 Bd3 21. Rc7 Bxb5 22. Bxb5 Nd5 23. R7c4 Rad8 24. a4 a5 25. g3 h6 26. h4 Qe7 27. b3 Qd6 28. Rc6 Qb8 29. R1c4 Nb4 30. Rc7 Nd5 31. R7c6 Rc8 32. Rxc8 Rxc8 33. Bc6 Nb4 34. d5 Qd6 35. Bb7 Rf8 36. dxe6 fxe6 37. Rc8 Qe7 38. Rxf8+ Qxf8 39. Qe3 Qd6 40. Bc8 e5 41. Bf5 Nd5 42. Qd3 Kf7 43. Be4 Ke6 44. Bxd5+ Qxd5 45. Qg6+ Ke7 46. Qxg7+ Kd6 47. Qxh6+ Kc5 48. Qc1+ Kb4 49. Qc4+ Qxc4 50. bxc4 Kxc4 51. h5 b5 1-0

[Event "Mittelfranken-chTB1 1617"]
[Site "Mittelfranken"]
[Date "2016.11.13"]
[Round "2.6"]
[White "Vielsaecker, Dirk"]
[Black "Nickmann, Peter"]
[Result "1-0"]
[WhiteElo "1946"]
[BlackElo "1832"]
[PlyCount "99"]
[EventDate "2016.10.23"]
[EventType "team-tourn"]
[EventRounds "9"]
[EventCountry "GER"]
[SourceTitle "EXT 2022"]
[Source "ChessBase"]
[SourceDate "2021.10.06"]
[SourceVersion "1"]
[SourceVersionDate "2021.10.06"]
[SourceQuality "1"]
[WhiteTeam "Lauf SV"]
[BlackTeam "Fuerth SF"]
[WhiteTeamCountry "GER"]
[BlackTeamCountry "GER"]

1. c4 c5 2. g3 g6 3. Bg2 Bg7 4. Nc3 Nf6 5. Nf3 Nc6 6. 0-0 0-0 7. d4 cxd4 8. Nxd4 Nxd4 9. Qxd4 d6 10. Qd3 Nd7 11. b3 Ne5 12. Qd2 Rb8 13. Bb2 Bd7 14. Rad1 Bc6 15. Nd5 f6 16. Nf4 Bxg2 17. Kxg2 Qc8 18. Qd5+ Kh8 19. Ne6 Re8 20. Kg1 Qc6 21. Qd2 Qc8 22. Qd5 Qc6 23. Rc1 Rbc8 24. Rfd1 Bh6 25. f4 Nd7 26. Bd4 Nb6 27. Bxb6 Qxb6+ 28. Kg2 Qc6 29. e3 Qa6 30. Rd2 b5 31. cxb5 Qb6 32. Rc6 Qxe3 33. Rdc2 Rb8 34. R6c3 Qe1 35. a4 Bg7 36. Rc7 Qe3 37. R7c3 Qe1 38. Qc4 h5 39. Re2 Qb1 40. Qd4 Rec8 41. Nxg7 Rxc3 42. Qxc3 Kxg7 43. Rxe7+ Kh6 44. Qxf6 Qc2+ 45. Kh3 Qc8+ 46. Re6 Qc2 47. Rxd6 Qb1 48. Qg5+ Kg7 49. Rd7+ Kg8 50. Qd5+ 1-0

[Event "Mittelfranken-chTB1 1415"]
[Site "Mittelfranken"]
[Date "2014.11.16"]
[Round "3.8"]
[White "Nickmann, Peter"]
[Black "Blank, Helmut"]
[Result "1/2-1/2"]
[WhiteElo "1854"]
[BlackElo "1922"]
[PlyCount "97"]
[EventDate "2014.09.29"]
[EventType "team-tourn"]
[EventRounds "9"]
[EventCountry "GER"]
[SourceTitle "EXT 2020"]
[Source "ChessBase"]
[SourceDate "2019.10.17"]
[SourceVersion "1"]
[SourceVersionDate "2019.10.17"]
[SourceQuality "1"]
[WhiteTeam "Fuerth SF"]
[BlackTeam "Nuernberg Zabo"]
[WhiteTeamCountry "GER"]
[BlackTeamCountry "GER"]

1. e4 Nf6 2. Nc3 d5 3. exd5 Nxd5 4. Nxd5 Qxd5 5. c4 Qe4+ 6. Qe2 Qxe2+ 7. Nxe2 e5 8. d4 Bb4+ 9. Bd2 Bxd2+ 10. Kxd2 Nc6 11. d5 Ne7 12. Nc3 Bf5 13. Bd3 0-0-0 14. Rhe1 Bxd3 15. Kxd3 f6 16. Ne4 c6 17. d6 f5 18. Kc3 Nd5+ 19. cxd5 fxe4 20. dxc6 bxc6 21. Rxe4 Rxd6 22. Rxe5 Rf8 23. f3 Rg6 24. Re2 Rd8 25. Rf1 Rd7 26. Kc2 Rd5 27. Rff2 Kc7 28. b3 Kb6 29. Rd2 Rc5+ 30. Kb2 h5 31. Rd4 Rf6 32. Rc2 Re5 33. Rb4+ Kc7 34. Re4 Rxe4 35. fxe4 Re6 36. Re2 Kd6 37. Kc3 Ke5 38. Kd3 Rd6+ 39. Kc4 g5 40. Kc5 Rf6 41. g3 h4 42. b4 hxg3 43. hxg3 g4 44. a4 Rg6 45. b5 cxb5 46. axb5 Rg8 47. Kc4 Rc8+ 48. Kb4 Rc1 49. Ra2 1/2-1/2

[Event "Regionalliga NO 1314"]
[Site "Bayern"]
[Date "2014.02.09"]
[Round "6.6"]
[White "Kaiser, Harald"]
[Black "Nickmann, Peter"]
[Result "1/2-1/2"]
[WhiteElo "1942"]
[BlackElo "1811"]
[PlyCount "41"]
[EventDate "2013.10.13"]
[EventType "team-tourn"]
[EventRounds "9"]
[EventCountry "GER"]
[SourceTitle "EXT 2015"]
[Source "ChessBase"]
[SourceDate "2014.11.20"]
[SourceVersion "1"]
[SourceVersionDate "2014.11.20"]
[SourceQuality "1"]
[WhiteTeam "Bechhofen"]
[BlackTeam "Fuerth SF"]
[WhiteTeamCountry "GER"]
[BlackTeamCountry "GER"]

1. e4 e6 2. d3 d5 3. Nd2 c5 4. Ngf3 Nc6 5. g3 Nf6 6. Bg2 Be7 7. 0-0 0-0 8. Re1 Re8 9. Qe2 a5 10. e5 Nd7 11. c3 f5 12. a4 Nb6 13. h4 Bd7 14. Nh2 Qc7 15. f4 Na7 16. b3 Bc6 17. h5 Rad8 18. g4 d4 19. c4 Bxg2 20. Qxg2 Rf8 21. g5 1/2-1/2

[Event "Regionalliga NO 1314"]
[Site "Bayern"]
[Date "2013.11.10"]
[Round "2.4"]
[White "Nickmann, Peter"]
[Black "Bloederl, Alfred"]
[Result "0-1"]
[WhiteElo "1811"]
[BlackElo "1928"]
[PlyCount "102"]
[EventDate "2013.10.13"]
[EventType "team-tourn"]
[EventRounds "9"]
[EventCountry "GER"]
[SourceTitle "EXT 2015"]
[Source "ChessBase"]
[SourceDate "2014.11.20"]
[SourceVersion "1"]
[SourceVersionDate "2014.11.20"]
[SourceQuality "1"]
[WhiteTeam "Fuerth SF"]
[BlackTeam "Windischeschenbach"]
[WhiteTeamCountry "GER"]
[BlackTeamCountry "GER"]

1. e4 c5 2. Nf3 d6 3. d4 cxd4 4. Nxd4 Nf6 5. Nc3 Nc6 6. Bb5 Bd7 7. Nxc6 Bxc6 8. 0-0 e6 9. Qe2 Be7 10. e5 dxe5 11. Qxe5 Bd6 12. Qe2 Qc7 13. h3 0-0 14. Bg5 Nd5 15. Nxd5 Bxd5 16. c4 Bc6 17. Bxc6 Qxc6 18. Rfd1 h6 19. Bd2 a5 20. Bc3 Bb4 21. Rac1 Bxc3 22. Rxc3 Rfd8 23. Rcd3 Rxd3 24. Rxd3 Rc8 25. b3 a4 26. Qe5 axb3 27. axb3 b6 28. Rg3 g6 29. Rf3 Rd8 30. Qf4 Rd1+ 31. Kh2 Qd6 32. Kg3 Kf8 33. Qxd6+ Rxd6 34. Rc3 Rd2 35. Kf3 Rb2 36. g3 Ke7 37. Ke3 e5 38. f4 Ke6 39. fxe5 Kxe5 40. Rd3 Ke6 41. Kd4 f5 42. Kc3 Rg2 43. Kb4 g5 44. Kb5 f4 45. gxf4 gxf4 46. b4 Rg3 47. Rd1 Rb3 48. c5 bxc5 49. Kxc5 Ke5 50. Rd5+ Ke4 51. Rh5 f3 0-1

[Event "Mittelfranken-chTB1 1112"]
[Site "Germany"]
[Date "2011.12.11"]
[Round "4.8"]
[White "Nickmann, Peter"]
[Black "Hintyes, Helmuth"]
[Result "1-0"]
[WhiteElo "1830"]
[BlackElo "1907"]
[PlyCount "135"]
[EventDate "2011.09.25"]
[EventType "team-tourn"]
[EventRounds "9"]
[EventCountry "GER"]
[SourceTitle "EXT 2013"]
[Source "ChessBase"]
[SourceDate "2012.11.22"]
[SourceVersion "1"]
[SourceVersionDate "2012.11.22"]
[SourceQuality "1"]
[WhiteTeam "Fuerth"]
[BlackTeam "Nuernberg Sued SW II"]
[WhiteTeamCountry "GER"]
[BlackTeamCountry "GER"]

1. e4 d5 2. exd5 Qxd5 3. d4 e6 4. Nf3 Nf6 5. Bd3 Qd8 6. 0-0 c5 7. Bg5 cxd4 8. Nxd4 a6 9. c3 Be7 10. Re1 h6 11. Bf4 Bd7 12. Bxb8 Rxb8 13. Nd2 Qc7 14. Qe2 0-0 15. Rad1 Bc5 16. N4b3 Ba7 17. Ne4 Nd5 18. g3 Bc6 19. c4 Ne7 20. Nc3 Rbd8 21. Be4 Bxe4 22. Qxe4 Nf5 23. Ne2 Nd6 24. Qe5 Rd7 25. c5 Nf5 26. Qc3 Rc8 27. Rxd7 Qxd7 28. Qb4 e5 29. Qe4 f6 30. Rc1 Ne7 31. Kg2 Qd5 32. Nc3 Qxe4+ 33. Nxe4 b6 34. Nd6 Rc6 35. cxb6 Bxb6 36. Rxc6 Nxc6 37. Nd2 Nb4 38. a3 Nd3 39. N2c4 Bxf2 40. a4 Bc5 41. Ne8 Kf7 42. Nc7 a5 43. Na6 Bd4 44. b3 Bc3 45. Kf3 f5 46. Ke3 e4 47. Nc7 Nb4 48. Nb5 Nd5+ 49. Ke2 Bb4 50. Nd4 Ne7 51. Nc2 Bc3 52. Nd6+ Ke6 53. Nb5 Nd5 54. Ncd4+ Kf6 55. Nxc3 Nxc3+ 56. Kd2 Nd5 57. Nc6 g5 58. Nxa5 f4 59. Nc4 e3+ 60. Ke2 Nc3+ 61. Ke1 Kf5 62. a5 Ke6 63. a6 Nb5 64. Na3 Nxa3 65. a7 f3 66. a8Q Nc2+ 67. Kd1 e2+ 68. Kxc2 1-0

[Event "Mittelfranken-chTB1 1011"]
[Site "Germany"]
[Date "2010.10.17"]
[Round "2.6"]
[White "Nickmann, Peter"]
[Black "Suess, Stefan"]
[Result "1-0"]
[WhiteElo "1864"]
[BlackElo "1866"]
[PlyCount "95"]
[EventDate "2010.09.26"]
[EventType "team-tourn"]
[EventRounds "9"]
[EventCountry "GER"]
[SourceTitle "EXT 2012"]
[Source "ChessBase"]
[SourceDate "2011.11.24"]
[SourceVersion "1"]
[SourceVersionDate "2011.11.24"]
[SourceQuality "1"]
[WhiteTeam "Fuerth"]
[BlackTeam "Nuernberg NT III"]
[WhiteTeamCountry "GER"]
[BlackTeamCountry "GER"]

1. e4 c5 2. Nf3 e6 3. d4 cxd4 4. Nxd4 a6 5. a4 Qc7 6. Bd3 Nf6 7. 0-0 d6 8. c3 Nbd7 9. h3 Nc5 10. Re1 Nxd3 11. Qxd3 Be7 12. Be3 b6 13. Nd2 Bb7 14. N4b3 0-0 15. a5 Nd7 16. axb6 Nxb6 17. Na5 Bc8 18. Bd4 Nd7 19. b4 Nb8 20. Ndc4 Nc6 21. Nb6 Rb8 22. Nxc8 Rfxc8 23. Nxc6 Qxc6 24. Rxa6 Qc4 25. Qxc4 Rxc4 26. Ra7 Bg5 27. e5 Bf4 28. exd6 Bxd6 29. Rd7 Bf4 30. g3 Bd2 31. Rd1 Bg5 32. f4 Bf6 33. Bxf6 gxf6 34. Rd8+ Rxd8 35. Rxd8+ Kg7 36. Rd3 h5 37. Kf2 h4 38. Ke2 Kg6 39. Kd2 Kf5 40. gxh4 Rxf4 41. Rd4 Rf2+ 42. Kd3 Rh2 43. b5 e5 44. Rb4 Rxh3+ 45. Kd2 e4 46. b6 Rh2+ 47. Ke3 Rh3+ 48. Kf2 1-0

[Event "Mittelfranken-chTB1 0910"]
[Site "Mittelfranken"]
[Date "2010.01.31"]
[Round "6.8"]
[White "Nemeth Csoka, Mihaly"]
[Black "Nickmann, Peter"]
[Result "0-1"]
[WhiteElo "1756"]
[BlackElo "1902"]
[PlyCount "64"]
[EventDate "2009.10.11"]
[EventType "team-tourn"]
[EventRounds "9"]
[EventCountry "GER"]
[SourceTitle "EXT 2011"]
[Source "ChessBase"]
[SourceDate "2010.11.26"]
[SourceVersion "1"]
[SourceVersionDate "2010.11.26"]
[SourceQuality "1"]
[WhiteTeam "Grossenseebach"]
[BlackTeam "Fuerth SF"]
[WhiteTeamCountry "GER"]
[BlackTeamCountry "GER"]

1. e4 c5 2. Nf3 Nc6 3. d4 cxd4 4. Nxd4 d6 5. Nc3 Nf6 6. f3 g6 7. Be3 Bg7 8. Qd2 0-0 9. 0-0-0 Nxd4 10. Bxd4 Be6 11. g4 Rc8 12. h4 Qa5 13. g5 Nh5 14. Bxg7 Nxg7 15. Nd5 Qxa2 16. Nxe7+ Kh8 17. Qb4 a5 18. Qxd6 Rcd8 19. Qa3 Rxd1+ 20. Kxd1 Qb1+ 21. Ke2 Qxc2+ 22. Ke3 Rd8 23. Bd3 Qc7 24. Nd5 Bxd5 25. exd5 Qe5+ 26. Be4 Nf5+ 27. Kd2 Qd4+ 28. Kc1 Ng3 29. Rf1 Nxf1 30. Qxa5 Rc8+ 31. Kb1 Nd2+ 32. Ka2 Qc4+ 0-1

[Event "Mittelfranken-chTB2a 0910"]
[Site "Mittelfranken"]
[Date "2009.12.06"]
[Round "4.5"]
[White "Schneider, Norbert"]
[Black "Nickmann, Peter"]
[Result "0-1"]
[WhiteElo "1801"]
[BlackElo "1902"]
[PlyCount "106"]
[EventDate "2009.10.11"]
[EventType "team-tourn"]
[EventRounds "9"]
[EventCountry "GER"]
[SourceTitle "EXT 2011"]
[Source "ChessBase"]
[SourceDate "2010.11.26"]
[SourceVersion "1"]
[SourceVersionDate "2010.11.26"]
[SourceQuality "1"]
[WhiteTeam "Kirchehrenbach"]
[BlackTeam "Fuerth SF II"]
[WhiteTeamCountry "GER"]
[BlackTeamCountry "GER"]

1. Nf3 d5 2. d4 Nf6 3. c4 dxc4 4. Nc3 c6 5. a4 g6 6. e3 Be6 7. Be2 Bg7 8. 0-0 0-0 9. Ne5 Nbd7 10. Nxc4 Bxc4 11. Bxc4 e5 12. Rb1 Nb6 13. Ba2 exd4 14. exd4 Qd7 15. Be3 Nfd5 16. Bxd5 Nxd5 17. Qf3 Rfe8 18. Nxd5 cxd5 19. b3 Rac8 20. Rfc1 b6 21. h3 Qe6 22. Qf4 Bf8 23. Qf3 Ba3 24. Rxc8 Rxc8 25. Bh6 Bf8 26. Bxf8 Kxf8 27. Kf1 Qe4 28. Qxe4 dxe4 29. Ke2 Ke7 30. f3 exf3+ 31. Kxf3 Kd6 32. Ke4 Rc3 33. g4 Rxh3 34. Rf1 Ke7 35. Rc1 Rh4 36. Rc7+ Kd6 37. Rxf7 Rxg4+ 38. Kd3 h5 39. Rxa7 Kd5 40. Rd7+ Kc6 41. Rf7 h4 42. Rf6+ Kc7 43. b4 g5 44. a5 bxa5 45. bxa5 h3 46. Rf7+ Kb8 47. Ke3 h2 48. Rf1 Rg1 49. Rf8+ Ka7 50. Rh8 h1Q 51. Rxh1 Rxh1 52. d5 Ka6 53. Ke4 Kxa5 0-1

[Event "Mittelfranken-chTB2a 0910"]
[Site "Mittelfranken"]
[Date "2009.11.22"]
[Round "3.4"]
[White "Werner, Thomas1111"]
[Black "Nickmann, Peter"]
[Result "0-1"]
[WhiteElo "1852"]
[BlackElo "1902"]
[PlyCount "76"]
[EventDate "2009.10.11"]
[EventType "team-tourn"]
[EventRounds "9"]
[EventCountry "GER"]
[SourceTitle "EXT 2011"]
[Source "ChessBase"]
[SourceDate "2010.11.26"]
[SourceVersion "1"]
[SourceVersionDate "2010.11.26"]
[SourceQuality "1"]
[WhiteTeam "Nuernberg Sued SW III"]
[BlackTeam "Fuerth SF II"]
[WhiteTeamCountry "GER"]
[BlackTeamCountry "GER"]

1. d4 Nf6 2. c4 c5 3. d5 d6 4. Nc3 g6 5. e4 Bg7 6. f4 0-0 7. h3 Nh5 8. Nce2 e5 9. Nf3 exf4 10. Nxf4 Nxf4 11. Bxf4 Bxb2 12. Bd3 Bc3+ 13. Kf2 Bxa1 14. Qxa1 f6 15. Rf1 Qe7 16. Kg1 Nd7 17. Qe1 Ne5 18. Nxe5 fxe5 19. Bd2 Bd7 20. Rxf8+ Rxf8 21. Qg3 Ba4 22. Bg5 Qd7 23. Be2 Re8 24. Bg4 Qf7 25. Bh6 Bd7 26. Be2 Rb8 27. h4 b5 28. Qg5 b4 29. h5 a5 30. hxg6 hxg6 31. Qh4 a4 32. Bc1 b3 33. axb3 axb3 34. Bb2 Kg7 35. Bd1 Qf6 36. Qe1 Qf4 37. Qa5 Qe3+ 38. Kf1 Rh8 0-1

[Event "Mittelfrankenliga-B1 0607"]
[Site "Mittelfranken"]
[Date "2007.03.25"]
[Round "8.8"]
[White "Scheuerlein, Gerhard"]
[Black "Nickmann, Peter"]
[Result "0-1"]
[WhiteElo "1661"]
[BlackElo "1852"]
[PlyCount "94"]
[EventDate "2006.10.22"]
[EventType "team-tourn"]
[EventRounds "9"]
[EventCountry "GER"]
[SourceTitle "EXT 2011"]
[Source "ChessBase"]
[SourceDate "2010.11.26"]
[SourceVersion "1"]
[SourceVersionDate "2010.11.26"]
[SourceQuality "1"]
[WhiteTeam "Schwabach"]
[BlackTeam "Fuerth SF"]
[WhiteTeamCountry "GER"]
[BlackTeamCountry "GER"]

1. d4 Nf6 2. Bf4 d6 3. Nf3 g6 4. e3 Bg7 5. Bd3 Nh5 6. Bg5 h6 7. Bh4 g5 8. Bg3 Nxg3 9. hxg3 Nc6 10. c3 a6 11. Nbd2 e5 12. dxe5 Nxe5 13. Nxe5 Bxe5 14. Qe2 Qe7 15. Nf3 Bd7 16. Nd4 Bxd4 17. exd4 Bc6 18. f3 Qxe2+ 19. Kxe2 Kf8 20. Kf2 Kg7 21. g4 Rae8 22. Rae1 a5 23. Rxe8 Rxe8 24. Re1 Rxe1 25. Kxe1 Bd5 26. a3 b6 27. Kf2 f6 28. Ke3 Bf7 29. b4 Kf8 30. c4 axb4 31. axb4 Ke7 32. d5 b5 33. Kd4 bxc4 34. Bxc4 h5 35. gxh5 Bxh5 36. g4 Be8 37. Bd3 Bd7 38. Bg6 Ba4 39. Kc4 Bd1 40. Be4 Be2+ 41. Kc3 f5 42. gxf5 Kf6 43. Kd2 Bb5 44. Ke3 Bd7 45. Kf2 Bxf5 46. Ke2 Bxe4 47. fxe4 Ke5 0-1

[Event "Mittelfrankenliga-B2a 0506"]
[Site "Germany"]
[Date "2006.03.19"]
[Round "7.1"]
[White "Nickmann, Peter"]
[Black "Kuhlmann, Christoph"]
[Result "0-1"]
[WhiteElo "1924"]
[BlackElo "2097"]
[PlyCount "38"]
[EventDate "2005.10.16"]
[EventType "team"]
[EventRounds "9"]
[EventCountry "GER"]
[SourceTitle "EXT 2007"]
[Source "ChessBase"]
[SourceDate "2006.11.23"]
[SourceVersion "1"]
[SourceVersionDate "2006.11.23"]
[SourceQuality "1"]

1. e4 c5 2. Nf3 a6 3. d4 cxd4 4. Nxd4 Nf6 5. Nc3 e5 6. Nb3 Bb4 7. Bg5 Qc7 8. Bd3 Bxc3+ 9. bxc3 Qxc3+ 10. Nd2 d6 11. 0-0 Be6 12. Bxf6 gxf6 13. f4 exf4 14. Nf3 Nd7 15. Qd2 Qxd2 16. Nxd2 Rc8 17. Rxf4 Ke7 18. Nf3 Ne5 19. a4 Ng6 0-1

[Event "Mittelfrankenliga-B2a 0506"]
[Site "Germany"]
[Date "2005.12.04"]
[Round "3.1"]
[White "Nickmann, Peter"]
[Black "Roesel, Gert"]
[Result "1/2-1/2"]
[WhiteElo "1924"]
[BlackElo "1889"]
[PlyCount "69"]
[EventDate "2005.10.16"]
[EventType "team"]
[EventRounds "9"]
[EventCountry "GER"]
[SourceTitle "EXT 2007"]
[Source "ChessBase"]
[SourceDate "2006.11.23"]
[SourceVersion "1"]
[SourceVersionDate "2006.11.23"]
[SourceQuality "1"]

1. e4 c5 2. Nf3 d6 3. d4 cxd4 4. Nxd4 Nf6 5. Nc3 g6 6. Be2 Bg7 7. Be3 0-0 8. Qd2 Nc6 9. Rd1 Ng4 10. Bxg4 Bxg4 11. Nxc6 bxc6 12. f3 Be6 13. Bh6 Qb6 14. Bxg7 Kxg7 15. Qd4+ Qxd4 16. Rxd4 Rfb8 17. b3 a5 18. Ke2 Rb4 19. Rhd1 c5 20. R4d2 c4 21. Rd4 cxb3 22. axb3 Rc8 23. Kd3 Rb7 24. Nd5 Bxd5 25. Rxd5 Rbc7 26. Rc1 Rc3+ 27. Kd2 a4 28. Rb5 axb3 29. Rxb3 R3c7 30. Kd3 h6 31. c4 Kf6 32. Rb5 Ra8 33. Rc2 Ra3+ 34. Kd2 Ra4 35. Kd3 1/2-1/2